Responses for Show #4136 - Monday, September 2, 2002

First game of Season 19.

Contestants

[<< previous game]

Connie Campbell, a costume designer and historian originally from Cheyenne, Wyoming

Rev. Ricky Hoyt, a minister from Burbank, California

David Bitkower, a judicial law clerk from New York, New York (whose 1-day cash winnings total $9,599)

[next game >>]

Jeopardy! Round responses

(Alex: We want you to identify the war in...)
THE WAR YEARS
MUSEUMS
LITERARY LINGO
"S"PORTS
HOMEMAKING
-O-O-O- YES!
(Alex: Each correct response in that category will have 3 "O"s in it.)
    $200 1
the Civil War

Ricky
    $200 2
(Ricky: What is... Memphis, Tennessee?)

Las Vegas

DavidRicky
    $200 11
an ode

David
    $200 21
"set"

David
    $200 25
a moth

Ricky
    $200 16
Monopoly

Connie
    $400 3
World War I

David
    $400 7
Mozart

Ricky
    $400 12
consciousness

Ricky
    $400 22
swish

David
    $400 26
(David: What's a dishwasher?)
...
(Alex: [*], yes. You don't want the grease sticking to the pipes.)

the disposal

DavidRicky
    $400 17
(Alex: O, O, O yes!)
[Laughter]

Solomon

Ricky
    $600 4
the French & Indian Wars

Connie
    $1,000 8
Andy Warhol

Ricky
    $600 13
a sonnet

Ricky
    $600 23
a safety

David
    $600 27
a dust bunny

Ricky
    $600 18
(Ricky: What is The Tonight Show?)
...
(Alex: It was after The Tonight Show, that's why they called it the [*] show.)

Tomorrow

Ricky
Triple Stumper
    $800 5
the First Punic War

Connie
    $800 9
the Getty Museum

Ricky
    $800 14
picaresque

Connie
    $800 24
slap

Ricky
    $800 28
a rug

Ricky
    $800 19
Molotov

Ricky
    $1000 6
the War of the Spanish Succession

David
    $1000 10
(Alex: [*], who worked with the lepers, yes.)

Father Damien

Connie
    $1000 15
a lay

Connie
    $1000 30
slalom

Ricky
    $1000 29
(Alex: That would be [*], any one of those. Ricky, back to you.)
(Ricky: "S"PORTS for $1000.)
(Alex: I'm glad you selected that one.)

steel wool (or SOS, or Brillo)

Triple Stumper
    $1000 20
(Ricky: What is Ormolu?)

Rococo

RickyConnie

Scores at the first commercial break (after clue 15):

David Ricky Connie
$1,800 $3,200 $4,200

Scores at the end of the Jeopardy! Round:

David Ricky Connie
$2,600 $6,600 $5,400

Double Jeopardy! Round responses

BOOKSTORES
EYE ON ASIA
SONGS FROM MUSICALS
(Alex: You have to identify the musical.)
WORLD ART
"Y" ME?
WE GOTTA BLAME SOMEBODY
    $400 1
Oxford

Ricky
    $400 11
China

Connie
    $400 2
My Fair Lady

Connie
    $400 12
Africa

Connie
    $400 18
the Yangtze

Connie
    $400 23
Tom Sawyer

David
    $800 7
San Francisco

David
    $800 15
Chow Yun Fat

Connie
    $800 3
(David: What is... Oklahoma!?)

West Side Story

DavidRicky
    $800 13
Mexican

Connie
    $800 19
Yeltsin

David
    $800 24
(Alex: [*] is right, with less than a minute to go.)

the dingo

Connie
    $1200 8
Washington, DC

David
    $1200 28
the Association of Southeast Asian Nations

David
    $1200 4
(Connie: What is South Pacific?)

The King and I

Connie
Triple Stumper
    $1200 14
(Connie: What's the U.S.?)

Canada

DavidConnie
    $1200 20
Yanni

David
    $1200 25
the bossa nova

Connie
    $1600 9
(David: What is Sleepless in Seattle?)

You've Got Mail

DavidRicky
    $1600 29
the tabla

Triple Stumper
    $1600 5
Flower Drum Song

Connie
    $1600 16
(Alex: "Blue Rider".)

horses

Ricky
    $6,000 21
(Alex: David?)
(David: Uh, I don't know.)

"You Ain't Heard Nothing Yet"

David
    $1600 26
William Henry Harrison

David
    $2000 10
Shakespeare and Company

David
    $2000 30
the Burma Road

David
    $2000 6
A Chorus Line

David
    $2000 17
Giacometti

Ricky
    $2000 22
(William Butler) Yeats

Ricky
    $2,000 27
Winston Churchill

David

Scores at the end of the Double Jeopardy! Round:

David Ricky Connie
$10,600 $15,000 $9,800

[wagering suggestions for these scores]

Final Jeopardy! Round responses

STATUES
(Alex: [To Connie] Portrayed by Mary Tyler Moore on The Mary Tyler Moore Show. Yes, indeed.)
ConnieWho is Mary Richards?
$9,799
DavidWHO IS Paul Bunyan?
$9,001
RickyWho is Paul Bunyan?
$10,000
Mary Richards

Final scores:

David Ricky Connie
$1,599 $5,000 $19,599
3rd place: $1,000 2nd place: $2,000 New champion: $19,599

Game dynamics:

Coryat scores:

David Ricky Connie
$16,600 $14,600 $9,800
19 R
(including 1 DD),
4 W
(including 1 DD)
20 R
(including 1 DD),
3 W
16 R,
2 W

Combined Coryat: $41,000

[game clues] [game scores] [suggest correction]

Game tape date: 2002-06-10
The J! Archive is created by fans, for fans. Scraping, republication, monetization, and malicious use prohibited; this site may use cookies and collect identifying information. See terms. The Jeopardy! game show and all elements thereof, including but not limited to copyright and trademark thereto, are the property of Jeopardy Productions, Inc. and are protected under law. This website is not affiliated with, sponsored by, or operated by Jeopardy Productions, Inc. Join the discussion at JBoard.tv.